000 00843cam a2200265 i 4500
999 _c18212
_d18212
001 18212
003 Mx-PuUPA
005 20191008155118.0
008 140415s1993 uk bd r 001 0 eng d
020 _a1852931175
040 _aMx-PuUPA
_bspa
_cMx-PuUPA
_dMx-PuUPA
_erda
041 0 _aeng
100 1 _aYarnal, Brent,
_97952
_eautor
245 1 0 _aSynoptic climatology in environmental analysis /
_ba primer /
_cBrent Yarnal
264 1 _aLondon :
_bBelhaven Pree,
_c1993
300 _axv, 195 páginas :
_bmapas, gráficas ;
_c24 cm.
336 _atexto
_2rdacontent
_btxt
337 _asin medio
_2rdamedia
_bn
338 _2rdacarrier
_avolumen
_bnc
490 _aStudies in climatology series
650 4 _aClimatología
_xContaminación
942 _2ddc
_cLI
_h551.6
_iY26